[Event "SRB-chT Women 1st League 2019"]
[Site "Subotica"]
[Date "2019.08.31"]
[Round "10"]
[White "Manakova, Maria"]
[Black "Kovacevic, Radmila"]
[Result "1-0"]
[WhiteElo "2237"]
[BlackElo "2117"]
[Annotator "NA"]
[PlyCount "73"]
[EventDate "2019.08.23"]
[EventType "team-tourn"]
[EventCountry "SRB"]
[SourceTitle "playchess.com"]
[Source "ChessBase"]
[SourceQuality "1"]
[TimeControl "40/5400+30:1800+30"]

1. e4 {[%emt 0:00:30]} d5 {[%emt 0:02:30]} 2. exd5 {[%emt 0:00:00]} Nf6 {[%emt 0:00:30]} 3. d4 {[%emt 0:01:00]} Bg4 {[%emt 0:00:00]} 4. Nf3 {[%emt 0:12:30]} Qxd5 {[%emt 0:02:00]} 5. Be2 {[%emt 0:00:30]} Nc6 {[%emt 0:00:30]} 6. c4 {[%emt 0:02:30]} Qf5 {[%emt 0:00:30]} 7. O-O {[%emt 0:17:30]} O-O-O {[%emt 0:02:30]} 8. Be3 {[%emt 0:00:30]} e5 {[%emt 0:10:30]} 9. d5 {[%emt 0:00:30]} Bxf3 {[%emt 0:12:30]} 10. Bxf3 {[%emt 0:00:30]} a6 {[%emt 0:00:30]} 11. Nd2 {[%emt 0:06:30]} Ne7 {[%emt 0:11:30]} 12. b4 {[%emt 0:02:30]} h5 {[%emt 0:15:30]} 13. b5 {[%emt 0:02:30]} axb5 {[%emt 0:01:30]} 14. Rb1 {[%emt 0:00:30]} e4 {[%emt 0:01:30]} 15. Be2 {[%emt 0:00:30]} Ng6 {[%emt 0:03:30]} 16. Rxb5 {[%emt 0:14:30]} Bd6 {[%emt 0:01:30]} 17. Re1 {[%emt 0:13:30]} Kd7 {[%emt 0:11:30]} 18. c5 {[%emt 0:00:30]} Be5 {[%emt 0:00:30]} 19. d6 {[%emt 0:07:38]} Ke8 {[%emt 0:06:08]} 20. Rxb7 {[%emt 0:00:10]} cxd6 {[%emt 0:00:37]} 21. cxd6 {[%emt 0:10:29]} Bxd6 {[%emt 0:00:56]} 22. Qb3 {[%emt 0:00:22]} Ne7 {[%emt 0:00:48]} 23. Nc4 {[%emt 0:01:32]} Bf4 {[%emt 0:00:44]} 24. Bb6 {[%emt 0:01:57]} e3 {[%emt 0:05:45]} 25. Bxe3 {[%emt 0:00:14]} Kf8 {[%emt 0:01:35]} 26. Qb6 {[%emt 0:01:26]} Re8 {[%emt 0:02:21]} 27. Nd6 {[%emt 0:00:52]} Bxd6 {[%emt 0:03:09]} 28. Qxd6 {[%emt 0:00:03]} Ne4 {[%emt 0:00:55]} 29. Qb4 {[%emt 0:00:15]} Qe5 {[%emt 0:01:04]} 30. Bf3 {[%emt 0:01:38]} Nd6 {[%emt 0:01:15]} 31. Bc5 {[%emt 0:00:30]} Qxe1+ {[%emt 0:00:29]} 32. Qxe1 {[%emt 0:00:04]} Nxb7 {[%emt 0:00:04]} 33. Bxb7 {[%emt 0:00:06]} Rh6 {[%emt 0:00:08]} 34. Bd5 {[%emt 0:01:09]} Kg8 {[%emt 0:01:10]} 35. h3 {[%emt 0:00:44]} Nxd5 {[%emt 0:00:49]} 36. Qxe8+ {[%emt 0:00:04]} Kh7 {[%emt 0:00:00]} 37. Qe4+ {[%emt 0:00:09]} 1-0

[Event "SRB-chT Women 1st League 2019"]
[Site "Subotica"]
[Date "2019.08.31"]
[Round "10"]
[White "Benderac, Ana"]
[Black "Arsovic, Jelena"]
[Result "1-0"]
[WhiteElo "2228"]
[BlackElo "2034"]
[Annotator "NA"]
[PlyCount "109"]
[EventDate "2019.08.23"]
[EventType "team-tourn"]
[EventCountry "SRB"]
[SourceTitle "playchess.com"]
[Source "ChessBase"]
[SourceQuality "1"]
[TimeControl "40/5400+30:1800+30"]

1. f4 {[%emt 0:00:00]} d5 {[%emt 0:02:30]} 2. Nf3 {[%emt 0:00:00]} Nf6 {[%emt 0:02:30]} 3. g3 {[%emt 0:00:30]} Bg4 {[%emt 0:09:30]} 4. Bg2 {[%emt 0:00:30]} e6 {[%emt 0:02:30]} 5. O-O {[%emt 0:07:30]} Nbd7 {[%emt 0:08:30]} 6. b3 {[%emt 0:10:30]} Bd6 {[%emt 0:12:30]} 7. Bb2 {[%emt 0:00:30]} Bxf3 {[%emt 0:01:30]} 8. exf3 {[%emt 0:03:30]} O-O {[%emt 0:02:30]} 9. d4 {[%emt 0:00:30]} c5 {[%emt 0:07:30]} 10. c3 {[%emt 0:02:30]} Qb6 {[%emt 0:10:30]} 11. Rf2 {[%emt 0:00:00]} Rac8 {[%emt 0:01:30]} 12. Bf1 {[%emt 0:09:00]} Nb8 {[%emt 0:03:30]} 13. Na3 {[%emt 0:05:30]} Nc6 {[%emt 0:03:30]} 14. Nc2 {[%emt 0:05:30]} Rc7 {[%emt 0:04:30]} 15. Kg2 {[%emt 0:01:30]} Rfc8 {[%emt 0:01:30]} 16. Ne3 {[%emt 0:07:30]} g6 {[%emt 0:05:00]} 17. Rc1 {[%emt 0:07:30]} Bf8 {[%emt 0:03:10]} 18. Rcc2 {[%emt 0:05:30]} cxd4 {[%emt 0:02:18]} 19. cxd4 {[%emt 0:01:30]} Bg7 {[%emt 0:00:34]} 20. Rcd2 {[%emt 0:01:30]} Ne8 {[%emt 0:01:37]} 21. Nc2 {[%emt 0:07:30]} Nd6 {[%emt 0:00:24]} 22. Ba3 {[%emt 0:00:30]} Nf5 {[%emt 0:04:33]} 23. Bc5 {[%emt 0:02:30]} Qa5 {[%emt 0:00:01]} 24. g4 {[%emt 0:05:30]} b6 {[%emt 0:04:02]} 25. b4 {[%emt 0:04:27]} Qxa2 {[%emt 0:02:02]} 26. gxf5 {[%emt 0:00:11]} bxc5 {[%emt 0:00:08]} 27. fxe6 {[%emt 0:05:01]} fxe6 {[%emt 0:00:47]} 28. bxc5 {[%emt 0:00:32]} Qa4 {[%emt 0:00:30]} 29. Qe2 {[%emt 0:02:19]} Re7 {[%emt 0:00:29]} 30. Qb5 {[%emt 0:00:52]} Qxb5 {[%emt 0:01:35]} 31. Bxb5 {[%emt 0:00:01]} Bh6 {[%emt 0:00:29]} 32. Kg3 {[%emt 0:02:52]} Rf7 {[%emt 0:00:17]} 33. Rde2 {[%emt 0:00:13]} Bxf4+ {[%emt 0:00:31]} 34. Kg2 {[%emt 0:00:11]} Re7 {[%emt 0:01:17]} 35. Rf1 {[%emt 0:00:44]} Kf7 {[%emt 0:00:48]} 36. Ra1 {[%emt 0:00:41]} e5 {[%emt 0:00:59]} 37. Bxc6 {[%emt 0:00:24]} Rxc6 {[%emt 0:00:07]} 38. Nb4 {[%emt 0:00:12]} Rc8 {[%emt 0:01:05]} 39. Nxd5 {[%emt 0:00:07]} Rd7 {[%emt 0:00:35]} 40. Nxf4 {[%emt 0:00:00]} exf4 {[%emt 0:00:00]} 41. Re4 {[%emt 0:01:43]} g5 {[%emt 0:04:42]} 42. h4 {[%emt 0:03:30]} h6 {[%emt 0:02:30]} 43. Kh3 {[%emt 0:06:30]} Re8 {[%emt 0:16:00]} 44. Ra4 {[%emt 0:05:54]} Rb8 {[%emt 0:07:02]} 45. hxg5 {[%emt 0:01:56]} hxg5 {[%emt 0:00:10]} 46. Kg4 {[%emt 0:00:54]} Rb3 {[%emt 0:01:07]} 47. c6 {[%emt 0:04:12]} Rc7 {[%emt 0:00:57]} 48. d5 {[%emt 0:00:18]} Rb5 {[%emt 0:03:06]} 49. Re5 {[%emt 0:04:44]} Rxc6 {[%emt 0:00:37]} 50. Rxa7+ {[%emt 0:00:06]} Kf6 {[%emt 0:00:25]} 51. Rf5+ {[%emt 0:00:05]} Kg6 {[%emt 0:00:11]} 52. Rxg5+ {[%emt 0:00:05]} Kf6 {[%emt 0:00:13]} 53. Rf5+ {[%emt 0:00:04]} Kg6 {[%emt 0:00:32]} 54. dxc6 {[%emt 0:00:06]} Rxf5 {[%emt 0:00:00]} 55. Rg7+ {[%emt 0:00:08]} 1-0

[Event "SRB-chT Women 1st League 2019"]
[Site "Subotica"]
[Date "2019.08.31"]
[Round "10"]
[White "Djukic, Sandra"]
[Black "Bojicic, Andjela"]
[Result "1/2-1/2"]
[WhiteElo "2179"]
[BlackElo "2016"]
[Annotator "NA"]
[PlyCount "81"]
[EventDate "2019.08.23"]
[EventType "team-tourn"]
[EventCountry "SRB"]
[SourceTitle "playchess.com"]
[Source "ChessBase"]
[SourceQuality "1"]
[TimeControl "40/5400+30:1800+30"]

1. d4 {[%emt 0:00:00]} Nf6 {[%emt 0:02:30]} 2. c4 {[%emt 0:00:00]} g6 {[%emt 0:06:30]} 3. Nc3 {[%emt 0:00:30]} Bg7 {[%emt 0:00:30]} 4. e4 {[%emt 0:00:30]} d6 {[%emt 0:00:30]} 5. Nf3 {[%emt 0:00:30]} O-O {[%emt 0:00:30]} 6. Be2 {[%emt 0:00:30]} e5 {[%emt 0:00:30]} 7. O-O {[%emt 0:00:30]} Nc6 {[%emt 0:00:30]} 8. d5 {[%emt 0:00:30]} Ne7 {[%emt 0:00:30]} 9. Kh1 {[%emt 0:00:30]} Nh5 {[%emt 0:00:30]} 10. Ng1 {[%emt 0:00:30]} Nf4 {[%emt 0:00:30]} 11. Bf3 {[%emt 0:00:30]} f5 {[%emt 0:07:30]} 12. g3 {[%emt 0:00:00]} fxe4 {[%emt 0:00:30]} 13. Nxe4 {[%emt 0:00:00]} Nh3 {[%emt 0:01:30]} 14. Nxh3 {[%emt 0:00:30]} Bxh3 {[%emt 0:00:00]} 15. Bg2 {[%emt 0:00:30]} Bxg2+ {[%emt 0:07:00]} 16. Kxg2 {[%emt 0:00:00]} Nf5 {[%emt 0:00:30]} 17. Be3 {[%emt 0:00:00]} Qe7 {[%emt 0:13:30]} 18. Qd3 {[%emt 0:09:30]} b6 {[%emt 0:05:30]} 19. b4 {[%emt 0:06:30]} a5 {[%emt 0:02:30]} 20. a3 {[%emt 0:03:30]} a4 {[%emt 0:12:30]} 21. Rab1 {[%emt 0:05:30]} Nd4 {[%emt 0:05:30]} 22. f3 {[%emt 0:45:30]} h6 {[%emt 0:03:30]} 23. h4 {[%emt 0:05:36]} Qf7 {[%emt 0:08:30]} 24. Bxd4 {[%emt 0:03:46]} exd4 {[%emt 0:00:00]} 25. b5 {[%emt 0:01:26]} Rfe8 {[%emt 0:02:23]} 26. Rbe1 {[%emt 0:05:57]} Re7 {[%emt 0:06:10]} 27. Nf2 {[%emt 0:01:03]} Rae8 {[%emt 0:01:56]} 28. Rxe7 {[%emt 0:04:19]} Rxe7 {[%emt 0:00:06]} 29. Ne4 {[%emt 0:00:03]} Qf5 {[%emt 0:00:20]} 30. Re1 {[%emt 0:06:00]} Qe5 {[%emt 0:02:32]} 31. Rh1 {[%emt 0:00:44]} Re8 {[%emt 0:02:12]} 32. Kf2 {[%emt 0:00:27]} Qf5 {[%emt 0:01:50]} 33. Ke2 {[%emt 0:00:31]} Be5 {[%emt 0:01:06]} 34. Kf2 {[%emt 0:00:33]} Rf8 {[%emt 0:00:54]} 35. Kg2 {[%emt 0:00:21]} Bg7 {[%emt 0:03:46]} 36. Nf2 {[%emt 0:00:34]} Re8 {[%emt 0:00:40]} 37. Ne4 {[%emt 0:00:04]} Rf8 {[%emt 0:00:08]} 38. Nf2 {[%emt 0:01:00]} Re8 {[%emt 0:00:04]} 39. Ne4 {[%emt 0:00:28]} Rf8 {[%emt 0:00:24]} 40. Qe2 {[%emt 0:00:00]} Qe5 {[%emt 0:00:00]} 41. Qd3 {[%emt 0:13:56]} 1/2-1/2

[Event "SRB-chT Women 1st League 2019"]
[Site "Subotica"]
[Date "2019.08.31"]
[Round "10"]
[White "Zarkovic, Mila"]
[Black "Gruic, Jadranka"]
[Result "1-0"]
[WhiteElo "2141"]
[BlackElo "2117"]
[Annotator "NA"]
[PlyCount "87"]
[EventDate "2019.08.23"]
[EventType "team-tourn"]
[EventCountry "SRB"]
[SourceTitle "playchess.com"]
[Source "ChessBase"]
[SourceQuality "1"]
[TimeControl "40/5400+30:1800+30"]

1. e4 {[%emt 0:09:30]} d5 {[%emt 0:03:30]} 2. exd5 {[%emt 0:00:30]} Qxd5 {[%emt 0:00:30]} 3. Nc3 {[%emt 0:00:30]} Qd8 {[%emt 0:00:30]} 4. d4 {[%emt 0:00:30]} Nf6 {[%emt 0:00:30]} 5. Bf4 {[%emt 0:00:30]} c6 {[%emt 0:00:30]} 6. Qd2 {[%emt 0:01:30]} Bf5 {[%emt 0:00:30]} 7. f3 {[%emt 0:00:30]} e6 {[%emt 0:00:30]} 8. Bc4 {[%emt 0:05:30]} Nbd7 {[%emt 0:11:30]} 9. Nge2 {[%emt 0:11:30]} Nb6 {[%emt 0:04:30]} 10. Bb3 {[%emt 0:06:30]} Nbd5 {[%emt 0:10:30]} 11. Bxd5 {[%emt 0:01:30]} Nxd5 {[%emt 0:12:30]} 12. Be5 {[%emt 0:07:30]} Nf6 {[%emt 0:11:30]} 13. g4 {[%emt 0:08:30]} Bg6 {[%emt 0:00:00]} 14. O-O-O {[%emt 0:02:30]} Bd6 {[%emt 0:02:00]} 15. Qe3 {[%emt 0:12:30]} Qe7 {[%emt 0:11:30]} 16. Bxd6 {[%emt 0:13:16]} Qxd6 {[%emt 0:00:30]} 17. Nf4 {[%emt 0:00:30]} O-O-O {[%emt 0:03:30]} 18. h4 {[%emt 0:00:00]} h6 {[%emt 0:04:53]} 19. Nxg6 {[%emt 0:00:28]} fxg6 {[%emt 0:00:07]} 20. Rhe1 {[%emt 0:00:43]} Rde8 {[%emt 0:02:03]} 21. Ne4 {[%emt 0:03:45]} Qc7 {[%emt 0:01:24]} 22. Nc5 {[%emt 0:03:23]} Re7 {[%emt 0:04:22]} 23. Qa3 {[%emt 0:01:17]} b6 {[%emt 0:06:34]} 24. Nxe6 {[%emt 0:02:21]} Qd7 {[%emt 0:00:11]} 25. Nf4 {[%emt 0:00:24]} Rxe1 {[%emt 0:00:31]} 26. Rxe1 {[%emt 0:00:05]} Qxd4 {[%emt 0:00:07]} 27. Nxg6 {[%emt 0:04:49]} Rd8 {[%emt 0:01:26]} 28. Qa6+ {[%emt 0:00:04]} Kb8 {[%emt 0:00:31]} 29. Qe2 {[%emt 0:00:09]} Re8 {[%emt 0:01:52]} 30. Qd2 {[%emt 0:02:11]} Rxe1+ {[%emt 0:01:22]} 31. Qxe1 {[%emt 0:00:33]} Kb7 {[%emt 0:00:30]} 32. Qe7+ {[%emt 0:01:07]} Nd7 {[%emt 0:00:35]} 33. c3 {[%emt 0:00:29]} Qg1+ {[%emt 0:01:12]} 34. Kc2 {[%emt 0:00:39]} Qf2+ {[%emt 0:00:02]} 35. Kb3 {[%emt 0:00:26]} Kc8 {[%emt 0:00:03]} 36. Ne5 {[%emt 0:00:47]} Nxe5 {[%emt 0:02:41]} 37. Qe8+ {[%emt 0:00:06]} Kb7 {[%emt 0:01:18]} 38. Qxe5 {[%emt 0:00:03]} Qxf3 {[%emt 0:00:52]} 39. Qxg7+ {[%emt 0:00:03]} Ka6 {[%emt 0:00:19]} 40. Qxh6 {[%emt 0:00:00]} Qd1+ {[%emt 0:00:00]} 41. Ka3 {[%emt 0:03:22]} Qxg4 {[%emt 0:03:05]} 42. Qxc6 {[%emt 0:00:30]} Qxh4 {[%emt 0:00:30]} 43. Qa4+ {[%emt 0:04:30]} Kb7 {[%emt 0:00:00]} 44. Qxh4 {[%emt 0:00:00]} 1-0

[Event "SRB-chT Women 1st League 2019"]
[Site "Subotica"]
[Date "2019.08.31"]
[Round "10"]
[White "Srdanovic, Jovana"]
[Black "Chelushkina, Irina"]
[Result "1/2-1/2"]
[WhiteElo "2005"]
[BlackElo "2275"]
[Annotator "NA"]
[PlyCount "118"]
[EventDate "2019.08.23"]
[EventType "team-tourn"]
[EventCountry "SRB"]
[SourceTitle "playchess.com"]
[Source "ChessBase"]
[SourceQuality "1"]
[TimeControl "40/5400+30:1800+30"]

1. d4 {[%emt 0:00:00]} Nf6 {[%emt 0:02:30]} 2. c4 {[%emt 0:00:00]} g6 {[%emt 0:00:30]} 3. Nc3 {[%emt 0:00:00]} Bg7 {[%emt 0:00:30]} 4. e4 {[%emt 0:00:00]} d6 {[%emt 0:00:30]} 5. h3 {[%emt 0:00:30]} Nc6 {[%emt 0:00:30]} 6. Be3 {[%emt 0:00:30]} O-O {[%emt 0:00:30]} 7. Nf3 {[%emt 0:06:30]} e5 {[%emt 0:00:30]} 8. d5 {[%emt 0:03:30]} Ne7 {[%emt 0:04:30]} 9. Bd3 {[%emt 0:01:30]} c5 {[%emt 0:04:30]} 10. a3 {[%emt 0:06:30]} b6 {[%emt 0:02:30]} 11. Nd2 {[%emt 0:08:30]} Ne8 {[%emt 0:00:30]} 12. g4 {[%emt 0:00:30]} a6 {[%emt 0:03:30]} 13. Qe2 {[%emt 0:04:30]} f5 {[%emt 0:04:30]} 14. f3 {[%emt 0:00:30]} Rb8 {[%emt 0:03:30]} 15. g5 {[%emt 0:01:30]} f4 {[%emt 0:00:30]} 16. Bf2 {[%emt 0:00:30]} Rf7 {[%emt 0:02:30]} 17. h4 {[%emt 0:00:30]} Bf8 {[%emt 0:01:30]} 18. b4 {[%emt 0:05:30]} Ng7 {[%emt 0:00:30]} 19. Rb1 {[%emt 0:00:30]} Bd7 {[%emt 0:01:30]} 20. a4 {[%emt 0:04:30]} a5 {[%emt 0:06:30]} 21. b5 {[%emt 0:15:30]} Nh5 {[%emt 0:00:30]} 22. Rg1 {[%emt 0:00:30]} Kh8 {[%emt 0:02:30]} 23. Qf1 {[%emt 0:01:30]} Ng8 {[%emt 0:03:30]} 24. Qg2 {[%emt 0:01:30]} Rg7 {[%emt 0:00:30]} 25. Ke2 {[%emt 0:00:30]} Rb7 {[%emt 0:03:30]} 26. Rh1 {[%emt 0:00:30]} Bc8 {[%emt 0:00:30]} 27. Rbg1 {[%emt 0:00:30]} h6 {[%emt 0:00:30]} 28. Kd1 {[%emt 0:07:30]} hxg5 {[%emt 0:01:30]} 29. hxg5 {[%emt 0:00:30]} Rh7 {[%emt 0:00:30]} 30. Kc2 {[%emt 0:05:30]} Rbg7 {[%emt 0:00:30]} 31. Nb3 {[%emt 0:09:47]} Ne7 {[%emt 0:04:30]} 32. Be1 {[%emt 0:07:22]} Bd7 {[%emt 0:00:30]} 33. Bf1 {[%emt 0:00:26]} Nc8 {[%emt 0:00:30]} 34. Rh2 {[%emt 0:01:58]} Be7 {[%emt 0:00:30]} 35. Qe2 {[%emt 0:02:39]} Bxg5 {[%emt 0:06:30]} 36. Qg2 {[%emt 0:02:33]} Bf6 {[%emt 0:02:30]} 37. Rgh1 {[%emt 0:00:08]} Kg8 {[%emt 0:03:30]} 38. Qg1 {[%emt 0:00:48]} Be7 {[%emt 0:09:30]} 39. Bh3 {[%emt 0:00:15]} Bxh3 {[%emt 0:00:30]} 40. Rxh3 {[%emt 0:00:00]} Qd7 {[%emt 0:00:00]} 41. Nd1 {[%emt 0:03:34]} Bd8 {[%emt 0:07:00]} 42. Nc1 {[%emt 0:04:30]} Kf7 {[%emt 0:04:30]} 43. Nf2 {[%emt 0:03:30]} Ne7 {[%emt 0:04:30]} 44. Ncd3 {[%emt 0:02:30]} Ng8 {[%emt 0:00:30]} 45. Ng4 {[%emt 0:00:00]} Bf6 {[%emt 0:02:30]} 46. Bh4 {[%emt 0:02:00]} Qe7 {[%emt 0:03:30]} 47. Ndf2 {[%emt 0:10:17]} Bxh4 {[%emt 0:01:30]} 48. Rxh4 {[%emt 0:00:04]} Kf8 {[%emt 0:00:30]} 49. Qh2 {[%emt 0:00:19]} Rf7 {[%emt 0:09:30]} 50. Qh3 {[%emt 0:02:30]} Kg7 {[%emt 0:05:30]} 51. Qh2 {[%emt 0:00:11]} Kh8 {[%emt 0:00:00]} 52. Nd3 {[%emt 0:03:49]} Ngf6 {[%emt 0:03:03]} 53. Nxf6 {[%emt 0:01:01]} Nxf6 {[%emt 0:01:41]} 54. Qg2 {[%emt 0:01:02]} Rxh4 {[%emt 0:00:31]} 55. Rxh4+ {[%emt 0:00:06]} Kg7 {[%emt 0:00:41]} 56. Rh1 {[%emt 0:01:15]} Rf8 {[%emt 0:03:39]} 57. Nf2 {[%emt 0:01:05]} Rg8 {[%emt 0:00:53]} 58. Kd3 {[%emt 0:01:54]} Kf8 {[%emt 0:00:30]} 59. Qh3 {[%emt 0:00:22]} Qd7 {[%emt 0:01:32]} 1/2-1/2

[Event "SRB-chT Women 1st League 2019"]
[Site "Subotica"]
[Date "2019.08.31"]
[Round "10"]
[White "Vujcic, Milena"]
[Black "Petronic, Sanja"]
[Result "0-1"]
[WhiteElo "1976"]
[BlackElo "2205"]
[Annotator "NA"]
[PlyCount "88"]
[EventDate "2019.08.23"]
[EventType "team-tourn"]
[EventCountry "SRB"]
[SourceTitle "playchess.com"]
[Source "ChessBase"]
[SourceQuality "1"]
[TimeControl "40/5400+30:1800+30"]

1. e4 {[%emt 0:00:30]} e5 {[%emt 0:00:30]} 2. Nf3 {[%emt 0:00:30]} Nc6 {[%emt 0:00:30]} 3. Bb5 {[%emt 0:00:30]} f5 {[%emt 0:00:30]} 4. d3 {[%emt 0:00:30]} fxe4 {[%emt 0:00:30]} 5. dxe4 {[%emt 0:00:30]} Nf6 {[%emt 0:00:30]} 6. Qd3 {[%emt 0:00:30]} Bc5 {[%emt 0:00:30]} 7. O-O {[%emt 0:00:30]} d6 {[%emt 0:00:30]} 8. Qc4 {[%emt 0:00:30]} Bd7 {[%emt 0:00:30]} 9. Bxc6 {[%emt 0:00:30]} bxc6 {[%emt 0:00:30]} 10. Nxe5 {[%emt 0:00:30]} Qe7 {[%emt 0:00:30]} 11. Nxd7 {[%emt 0:00:30]} Kxd7 {[%emt 0:00:30]} 12. Nc3 {[%emt 0:00:30]} Ng4 {[%emt 0:00:30]} 13. Qe2 {[%emt 0:00:30]} Qh4 {[%emt 0:00:30]} 14. h3 {[%emt 0:00:30]} h5 {[%emt 0:00:30]} 15. Be3 {[%emt 0:00:30]} Bxe3 {[%emt 0:00:30]} 16. fxe3 {[%emt 0:00:30]} Ne5 {[%emt 0:00:30]} 17. Qf2 {[%emt 0:00:30]} Qxf2+ {[%emt 0:00:30]} 18. Rxf2 {[%emt 0:00:30]} Rag8 {[%emt 0:00:30]} 19. Raf1 {[%emt 0:00:30]} g5 {[%emt 0:00:30]} 20. g3 {[%emt 0:00:30]} g4 {[%emt 0:00:30]} 21. h4 {[%emt 0:00:30]} Nf3+ {[%emt 0:00:30]} 22. Kg2 {[%emt 0:00:30]} Re8 {[%emt 0:00:30]} 23. Rd1 {[%emt 0:00:30]} a5 {[%emt 0:00:30]} 24. a3 {[%emt 0:00:30]} Rhf8 {[%emt 0:00:30]} 25. Rff1 {[%emt 0:00:30]} Rf7 {[%emt 0:00:30]} 26. a4 {[%emt 0:00:30]} Rfe7 {[%emt 0:00:30]} 27. Rf2 {[%emt 0:00:30]} Re5 {[%emt 0:00:30]} 28. Rxf3 {[%emt 0:00:30]} gxf3+ {[%emt 0:00:30]} 29. Kxf3 {[%emt 0:00:30]} Rb8 {[%emt 0:00:30]} 30. b3 {[%emt 0:00:30]} Rc5 {[%emt 0:00:30]} 31. Rd3 {[%emt 0:00:30]} Rf8+ {[%emt 0:00:30]} 32. Kg2 {[%emt 0:00:30]} Rg8 {[%emt 0:00:30]} 33. Kh3 {[%emt 0:00:30]} Ke6 {[%emt 0:00:30]} 34. Ne2 {[%emt 0:00:30]} Ke5 {[%emt 0:00:30]} 35. Rd2 {[%emt 0:00:30]} Kxe4 {[%emt 0:00:30]} 36. Nf4 {[%emt 0:00:30]} Kf3 {[%emt 0:00:30]} 37. Rg2 {[%emt 0:00:30]} Kxe3 {[%emt 0:00:30]} 38. Re2+ {[%emt 0:00:30]} Kf3 {[%emt 0:00:30]} 39. Rg2 {[%emt 0:00:30]} Rf5 {[%emt 0:00:30]} 40. Nd3 {[%emt 0:00:30]} Ke3 {[%emt 0:00:30]} 41. Rg1 {[%emt 0:30:30]} Rf3 {[%emt 0:30:30]} 42. Kh2 {[%emt 0:00:30]} Rg4 {[%emt 0:00:30]} 43. Kh3 {[%emt 0:00:30]} Kd4 {[%emt 0:00:30]} 44. Kh2 {[%emt 0:00:30]} c5 {[%emt 0:00:30]} 0-1

[Event "SRB-chT Women 1st League 2019"]
[Site "Subotica"]
[Date "2019.08.31"]
[Round "10"]
[White "Vuckovic, Lidija"]
[Black "Miladinovic, Lena"]
[Result "0-1"]
[WhiteElo "1866"]
[BlackElo "2119"]
[Annotator "NA"]
[PlyCount "28"]
[EventDate "2019.08.23"]
[EventType "team-tourn"]
[EventCountry "SRB"]
[SourceTitle "playchess.com"]
[Source "ChessBase"]
[SourceQuality "1"]
[TimeControl "40/5400+30:1800+30"]

1. e4 c5 2. Nc3 Nc6 3. g3 g6 4. Bg2 Bg7 5. d3 d6 6. Be3 Nd4 7. Nge2 Bg4 8. O-O Qd7 9. Rb1 Nf3+ 10. Kh1 h5 11. Qc1 h4 12. Ng1 hxg3 13. Nxf3 Bxf3 14. fxg3 Qh3 0-1

[Event "SRB-chT Women 1st League 2019"]
[Site "Subotica"]
[Date "2019.09.01"]
[Round "11"]
[White "Gaponenko, Inna"]
[Black "Zimina, Olga"]
[Result "1/2-1/2"]
[WhiteElo "2446"]
[BlackElo "2376"]
[Annotator "TA"]
[PlyCount "52"]
[EventDate "2019.08.23"]
[EventType "team-tourn"]
[EventCountry "SRB"]
[SourceTitle "playchess.com"]
[Source "ChessBase"]
[SourceQuality "1"]

{[%evp 12,52,37,28,51,50,56,39,50,47,43,41,52,45,54,56,55,31,33,27,35,35,39,35,58,33,41,0,58,47,50,24,36,30,32,26,62,29,27,0,55,0,40]} 1. e4 c6 2. d4 d5 3. e5 Bf5 4. Nf3 e6 5. Be2 Nd7 6. O-O Bg6 7. c3 Nh6 {B12: Caro-Kann: Advance Variation} 8. a4 a5 9. Na3 {[%cal Bb1a3,Ba3c2,Bc2e1,Be1d3,Bd3f4][%mdl 32]} Be7 {White is slightly better.} 10. Nc2 O-O 11. Nce1 c5 12. Bxh6 gxh6 13. Bb5 cxd4 14. cxd4 Nb8 {[%cal Bd7b8,Bb8a6,Ba6b4,Bb4a2][%mdl 32]} 15. Qd2 {[#]} Kg7 $146 16. Nd3 Na6 17. Nf4 Nb4 18. Rac1 Na2 19. Ra1 Nb4 20. Rfc1 Qb6 21. h4 Rac8 22. g3 Rxc1+ 23. Rxc1 Na2 24. Ra1 Nb4 25. Rc1 Na2 26. Ra1 Nb4 {Accuracy: White = 66%, Black = 70%.} 1/2-1/2

[Event "SRB-chT Women 1st League 2019"]
[Site "Subotica"]
[Date "2019.09.01"]
[Round "11"]
[White "Batsiashvili, Nino"]
[Black "Belenkaya, Dina"]
[Result "1-0"]
[WhiteElo "2416"]
[BlackElo "2298"]
[Annotator "RC"]
[PlyCount "73"]
[EventDate "2019.??.??"]
[EventCountry "SRB"]
[SourceTitle "playchess.com"]
[Source "ChessBase"]
[SourceQuality "1"]
[TimeControl "40/5400+30:1800+30"]

1. Nf3 d5 2. c4 d4 3. g3 Nc6 4. Bg2 e5 5. d3 Bb4+ 6. Nbd2 a5 7. O-O Nf6 8. a3 Be7 9. b3 O-O 10. Rb1 Re8 11. Ne1 h5 12. Nc2 Bg4 13. b4 Qd7 14. b5 Nd8 15. Nf3 Bc5 16. Ng5 c6 17. Na1 a4 18. Nc2 Bf5 19. Re1 Ne6 20. bxc6 bxc6 21. Nb4 Rec8 22. Qc2 Ra7 23. Bd2 Bf8 24. Nxe6 Qxe6 25. e3 Bc5 26. exd4 Bxd4 27. Bc3 Bxc3 28. Qxc3 Nd7 29. f4 f6 30. Rb2 Qd6 31. fxe5 fxe5 32. Rf2 Bg6 33. Bh3 Rf8 34. Rxf8+ Kxf8 35. Bxd7 Rxd7 36. c5 Qe6 37. Qxe5 1-0

[Event "SRB-chT Women 1st League 2019"]
[Site "Subotica"]
[Date "2019.09.01"]
[Round "11"]
[White "Stojanovic, Andjelija"]
[Black "Kovacevic, Radmila"]
[Result "*"]
[WhiteElo "2350"]
[BlackElo "2117"]
[Annotator "RC"]
[PlyCount "21"]
[EventDate "2019.??.??"]
[EventCountry "SRB"]
[SourceTitle "playchess.com"]
[Source "ChessBase"]
[SourceQuality "1"]
[TimeControl "40/5400+30:1800+30"]

1. Nf3 b6 2. e4 Bb7 3. Nc3 c5 4. d4 cxd4 5. Nxd4 Nf6 6. e5 Nd5 7. Nxd5 Bxd5 8. Nb5 Bc6 9. Bg5 Qc8 10. Qd4 h6 11. Bh4 *